[Event "BCF-ch Week2 PM op"]
[Site "Bournemouth"]
[Date "2016.08.05"]
[Round "5"]
[White "Ratnesan, Ranesh"]
[Black "Keane, Graham Dennis"]
[Result "1/2-1/2"]
[WhiteElo "1717"]
[BlackElo "2159"]
[PlyCount "28"]
[EventDate "2016.08.01"]
[EventType "swiss"]
[EventRounds "5"]
[EventCountry "ENG"]
[SourceTitle "CBM 173 Extra"]
[Source "ChessBase"]
[SourceDate "2016.08.29"]
[SourceVersion "1"]
[SourceVersionDate "2016.08.29"]
[SourceQuality "1"]

1. Nf3 d6 2. c4 e5 3. d3 f5 4. g3 Nf6 5. Bg2 Be7 6. 0-0 0-0 7. b4 a5 8. b5 Nbd7 9. Bb2 Nc5 10. Qc2 Qe8 11. Nbd2 a4 12. d4 exd4 13. Nxd4 Qh5 14. e3 Kh8 1/2-1/2